Vista normal Vista MARC

Entrada Topical Term

Número de registros utilizados en: 1

001 - CONTROL NUMBER

  • control field: 39748

003 - CONTROL NUMBER IDENTIFIER

  • control field: OSt

005 - DATE AND TIME OF LATEST TRANSACTION

  • control field: 20210826163005.0

008 - FIXED-LENGTH DATA ELEMENTS

  • fixed length control field: 210826|| aca||aabn | a|a d

040 ## - CATALOGING SOURCE

  • Original cataloging agency: OSt
  • Transcribing agency: OSt

150 ## - HEADING--TOPICAL TERM

  • Topical term or geographic name entry element: Bolsas españolas
  • General subdivision: Informe

670 ## - SOURCE DATA FOUND

  • Source citation: Work cat.: (OSt)8063: 16229, Informe de Gobierno Corporativo de las Entidades Emisoras de Valores admitidos a negociación en mercados secundarios oficiales : , 2005